00329nam a2200121Ia 4500008004100000041000800041082001500049100001300064245004400077260005100121300002400172365001100196240624s9999 xx 000 0 und d aeng a344.01 PUR aPURI S D aBUILDING AND OTHER CONSTRUCTION WORKERS c2008aMumbaibSnow White Publication Pvt. Ltd. a354 : p. : cm. ; 24 cRSb15